000 00495nam a2200181Ia 4500
999 _c3540
_d3540
003 OSt
005 20200818125520.0
008 190216s9999||||xx |||||||||||||| ||und||
020 _a9788127263034
040 _coclc
082 _a541
_bSHA/N
100 _aSharma, Y R
_94167
245 0 _aA New Course In Chemistry /
_cY R Sharma
260 _bKalyani Publishers,
_c2010.
_aLudhiana:
300 _a173p
650 _aChemistry
942 _cBK
_2ddc
_h541
_iSHA/N
_k541
_mSHA/N